00453cam a2200169 a 450000100100000000500170001000800410002702000150006804000180008308200180010110000200011924500310013926000440017030000210021465000220023565000260025700000804820200929154417.0941222s1993 sp 000 1 spa  a8479790822 aDO-SdBNPcDLC a863.44bP226e1 aPardo, Jesús.10aEclipses /cJesús Pardo. aMadrid :bAnaya & Mario Muchnik,c1993. a300 p. ;c22 cm. 4aNovela española 4aLiteratura española